| 000 | 00468nam a2200193 a 4500 | ||
|---|---|---|---|
| 001 | 1766824442896 | ||
| 003 | YourLibrary | ||
| 005 | 20251229124203.0 | ||
| 008 | 251227s2008##################000#0#eng## | ||
| 020 | _a9780195311655 | ||
| 082 | 0 | 4 |
_a205.06 _bFRE |
| 100 | 1 |
_aFreitas, Donna, _eauthor. |
|
| 245 | 1 | 0 | _aSex and the Soul : |
| 260 | _c2008. | ||
| 300 | _a336 pages | ||
| 650 | 0 | _aEducation. | |
| 942 | _cENGLISH | ||
| 040 |
_aYourLibrary _beng _cYourLibrary |
||
| 999 |
_c605820 _d605820 |
||